[Event "10th Condom GM"]
[Site "Condom FRA"]
[Date "2011.07.09"]
[Round "1"]
[White "Grigore,Ge"]
[Black "Demuth,A"]
[Result "1/2-1/2"]
[WhiteElo "2488"]
[BlackElo "2427"]

1.d4 d5 2.c4 c6 3.Nf3 Nf6 4.Nc3 dxc4 5.a4 Bf5 6.e3 e6 7.Bxc4 Bb4 8.O-O Nbd7
9.Nh4 Bg4 10.f3 Bh5 11.g4 Bg6 12.e4 O-O 13.Ng2 e5 14.Be3 exd4 15.Bxd4 Bc5
16.Bxc5 Nxc5 17.b4 Qb6 18.Qd4 Nxa4 19.Qxb6 Nxb6 20.Bb3 Rfd8 21.Rfd1 Kf8 22.Nf4 Rxd1+
23.Rxd1 a5 24.b5 a4 25.Ba2 Ke7 26.h4 h6 27.e5 Nfd7 28.bxc6 bxc6 29.Nxg6+ fxg6
30.Rd6 Ra5 31.Rxc6 Rxe5 32.Ne4 g5 33.hxg5 hxg5 34.Rg6 Kf8 35.Nxg5 Re2 36.Nh7+ Ke8
37.Bg8 a3 38.Rxg7 a2 39.Bf7+ Kd8 40.Bxa2 Rxa2 41.Ng5  1/2-1/2

[Event "e2e4 ch-IRL"]
[Site "Dublin IRL"]
[Date "2011.07.09"]
[Round "8"]
[White "O'Connell,G"]
[Black "O'Connor,Jon"]
[Result "1-0"]
[WhiteElo "2142"]
[BlackElo "2124"]

1.d4 d5 2.c4 c6 3.Nf3 Nf6 4.Nc3 dxc4 5.a4 Bf5 6.e3 e6 7.Bxc4 Bb4 8.O-O Nbd7
9.Bd3 Bg6 10.Qc2 O-O 11.e4 h6 12.Rd1 Rc8 13.e5 Bxd3 14.Qxd3 Nd5 15.Bd2 Be7
16.Nxd5 cxd5 17.Qb5 Rc7 18.Rdc1 Nb8 19.Ba5 b6 20.Bd2 Qc8 21.Rxc7 Qxc7 22.Rc1 Qb7
23.a5 Bd8 24.Bb4 a6 25.Qa4 b5 26.Qc2 Be7 27.Bxe7 Qxe7 28.Qc5 Qd8 29.b4 Re8
30.Qc7 Kf8 31.Qxd8 Rxd8 32.Nd2 Ke8 33.Nb3 Ke7 34.Kf1 Kd7 35.Nc5+ Ke7 36.Nb7 Kd7
37.Nxd8 Kxd8 38.Ke2 Kd7 39.Kd3 Nc6 40.Kc3 Ke7 41.Re1 Ke8 42.Re3 Kf8 43.g4 Ne7
44.Rh3 Ng6 45.Kd2 Ke8 46.Rc3 Kd7 47.Ke3 Ne7 48.f4 Nc6 49.Rb3 Ne7 50.Rb1 Ke8
51.Rc1 Kd7 52.Kd3 g6 53.Rg1 Ke8 54.Rg3 Kf8 55.Rh3 Kg7 56.Kd2 Nc6 57.Rc3 Nxb4
58.Rc7 Na2 59.Kc2 b4 60.Kb3 Nc3 61.Kxb4 Nb5 62.Rc6 Nxd4 63.Rxa6 Ne2 64.Rd6 Nxf4
65.a6 Nd3+ 66.Kb5 Nxe5 67.a7 Nxg4 68.a8=Q Ne5 69.Qa1 Kf6 70.Rd7 g5 71.Rxf7+  1-0

[Event "ch-Central Serbia Int Open A"]
[Site "Paracin SRB"]
[Date "2011.07.09"]
[Round "3.16"]
[White "Farago,I"]
[Black "Radusinovic,L"]
[Result "0-1"]
[WhiteElo "2485"]
[BlackElo "2283"]

1.d4 d5 2.c4 c6 3.Nf3 Nf6 4.Nc3 dxc4 5.a4 Bf5 6.Ne5 Nbd7 7.Nxc4 Qc7 8.g3 Rd8
9.Bf4 Qc8 10.Qb3 Be6 11.e4 g6 12.Rc1 Bg7 13.d5 Nc5 14.Qa3 cxd5 15.Nb5 dxc4
16.Nc7+ Kf8 17.Qxc5 Nxe4 18.Qe3 c3 19.bxc3 Bf5 20.g4 Bxg4 21.Bg2 Bxc3+ 22.Kf1 Bd2
23.Bh6+ Kg8 24.Bxe4 Bxe3 25.fxe3 Rd7 26.Bf4 f6 27.Kf2 e5 28.Bh6 Kf7 29.Nb5 Qd8
30.Nxa7 Be6 31.h4 Rd2+ 32.Kg3 f5 33.Bxb7 Qb6 34.Nb5 f4+  0-1

[Event "Lev Polugaevsky Mem"]
[Site "Samara RUS"]
[Date "2011.07.09"]
[Round "5"]
[White "Tunik,G"]
[Black "Liberman,E"]
[Result "1-0"]
[WhiteElo "2440"]
[BlackElo "2259"]

1.d4 d5 2.c4 c6 3.Nf3 Nf6 4.Nc3 dxc4 5.a4 Bf5 6.Ne5 Nbd7 7.Nxc4 Qc7 8.Qd2 Rd8
9.Qf4 Qxf4 10.Bxf4 Nb6 11.Nxb6 axb6 12.e3 Ra8 13.f3 e6 14.e4 Bg6 15.Kf2 Bb4
16.Bc4 O-O 17.Ne2 Ra5 18.Bb3 Nd7 19.Be3 Re8 20.Nf4 Bd6 21.Nd3 f6 22.Bc4 Bf7
23.b4 Raa8 24.a5 b5 25.Bb3 e5 26.Bxf7+ Kxf7 27.Rhd1 exd4 28.Bxd4 Re7 29.Rac1 h5
30.h4 Ke8 31.Be3 Re6 32.Rc2 Re7 33.g3 Rc8 34.Bf4 Be5 35.Nc5 Nxc5 36.Rxc5 Kf7
37.Bxe5 fxe5 38.Ke3 Rcc7 39.f4 g6 40.fxe5 Re6 41.Kf4 Re8 42.Rd6 Re6 43.Rd8 Kg7
44.Ke3 Rce7 45.Rc8 Kf7 46.a6 bxa6 47.R8xc6 Rd7 48.Rxe6 Kxe6 49.Rc6+ Kxe5
50.Rxg6 Rc7 51.Rg5+ Kf6 52.Rxh5 Rc4 53.Kf4 Kg6 54.Rd5  1-0

[Event "Lev Polugaevsky Mem"]
[Site "Samara RUS"]
[Date "2011.07.10"]
[Round "6"]
[White "Petrukhina,I"]
[Black "Tumanyants,Svyatoslav"]
[Result "1-0"]
[WhiteElo "2148"]
[BlackElo "1727"]

1.d4 d5 2.c4 c6 3.Nc3 dxc4 4.a4 Nf6 5.Nf3 Bf5 6.Ne5 Nbd7 7.Nxc4 Nd5 8.g3 e6
9.Bg2 N7f6 10.O-O Bb4 11.Qb3 Bxc3 12.bxc3 Rb8 13.Ba3 Bg6 14.Nd6+ Kd7 15.e4 Nc7
16.e5 Nfe8 17.Nxb7 Qc8 18.Nc5+ Kd8 19.Qa2 Nd5 20.Rac1 Nec7 21.c4 Ne7 22.Rfd1 Ke8
23.Ne4 Kf8 24.Bxe7+ Kxe7 25.Qa3+ Kd7 26.Qd6+ Ke8 27.Nf6+ gxf6 28.Bxc6+  1-0

[Event "Open ch-SVK A"]
[Site "Banska Stiavnica SVK"]
[Date "2011.07.11"]
[Round "3"]
[White "Gonda,L"]
[Black "Varga,Dav"]
[Result "1-0"]
[WhiteElo "2512"]
[BlackElo "2364"]

1.d4 d5 2.c4 c6 3.Nf3 Nf6 4.Nc3 dxc4 5.a4 Bf5 6.e3 e6 7.Bxc4 Be7 8.O-O O-O
9.Qe2 Ne4 10.Nd2 Nxd2 11.Bxd2 Bg6 12.Rfd1 Nd7 13.e4 Nb6 14.a5 Nxc4 15.Qxc4 Bh5
16.f3 Qd6 17.Ne2 e5 18.Bc3 exd4 19.Nxd4 Rfd8 20.a6 Qc5 21.Qxc5 Bxc5 22.axb7 Rab8
23.Kf1 Bxd4 24.Rxd4 Rxd4 25.Bxd4 Rxb7 26.Ra6 f6 27.Rxc6 Be8 28.Rc8 Kf7 29.Kf2 Bb5
30.Ke3 a6 31.f4 Bf1 32.g4 Bh3 33.Ra8 Bf1 34.h4 Re7 35.Rh8 Bg2 36.e5 fxe5
37.Bxe5 h6 38.Rd8 Bh3 39.Kf3 Bf1 40.h5 Bb5 41.Rd6 Kg8 42.Ke3 Bd7 43.Rg6 Bb5
44.Ke4 Rd7 45.f5 Kh7 46.Kf4 Be2 47.Ke3 Bd1 48.Bd4 Re7+ 49.Kf4 Rd7 50.Bc3 Rc7
51.Rd6 Be2 52.Bd4 Re7 53.Rd8 Bb5 54.Rf8 Bc6 55.Be5 Bd5 56.Rd8 Bc6 57.Rc8 Bb7
58.Rb8 Bc6 59.f6 Rf7 60.g5 g6 61.gxh6 gxh5 62.Kg5 h4 63.Rb3 Bg2 64.Kxh4 Kxh6
65.Rg3 Bd5 66.Bf4+ Kh7 67.Kg5 Kg8 68.Kf5+ Kf8 69.Bd6+ Ke8 70.Ke5 Bc4 71.Rc3 Bb5
72.Rc8+ Kd7 73.Rh8 Bc4 74.Be7 Bb3 75.Rd8+ Kc6 76.Rd3 Ba2 77.Ra3 Bb1 78.Ke6 Bg6
79.Rh3  1-0

[Event "XXXIV Open"]
[Site "Barbera del Valles ESP"]
[Date "2011.07.11"]
[Round "8"]
[White "Brynell,S"]
[Black "Thakur,Ak"]
[Result "1-0"]
[WhiteElo "2495"]
[BlackElo "2327"]

1.d4 d5 2.c4 c6 3.Nf3 Nf6 4.Nc3 dxc4 5.a4 Bf5 6.Ne5 Nbd7 7.Nxc4 Qc7 8.g3 e5
9.dxe5 Nxe5 10.Bf4 Nfd7 11.Bg2 f6 12.O-O O-O-O 13.Rc1 Nc5 14.Qe1 Nb3 15.Nb5 Qf7
16.Nxa7+ Kb8 17.Nxc6+ bxc6 18.Nxe5 fxe5 19.Bxe5+ Ka7 20.Rxc6 Rd7 21.Qc3  1-0

[Event "XXXIV Open"]
[Site "Barbera del Valles ESP"]
[Date "2011.07.11"]
[Round "8"]
[White "Dominguez Pons,E"]
[Black "Luna Cortes,L"]
[Result "1/2-1/2"]
[WhiteElo "2344"]
[BlackElo "2143"]

1.d4 d5 2.c4 c6 3.Nc3 Nf6 4.Nf3 dxc4 5.a4 Bf5 6.e3 e6 7.Bxc4 Nbd7 8.O-O Bb4
9.Qb3 Qb6 10.Nh4 Bg6 11.Nxg6 hxg6 12.h3 Bxc3 13.bxc3 O-O 14.Ba3 Rfe8 15.Rfb1 Qxb3
16.Rxb3 Nb6 17.Rb4 Nfd5 18.Bxd5 cxd5 19.a5 Nc4 20.Rxb7 Nxa5 21.Rc7 Nc4 22.Rb7 Reb8
23.Rb4 a5 24.Ra4 Nb6 25.Bd6 Nxa4 26.Bxb8 Nxc3 27.Bd6 a4 28.Kf1 Ne4 29.Bb4 Nf6
30.Ke2 Nd7 31.Kd3 Nb6 32.Kc3 Nc4 33.Bc5 f5 34.Ra2 Kf7 35.Kb4 a3 36.Kb3 Rb8+
37.Bb4 g5 38.Kc3 Kf6 39.Bxa3 Nxa3 40.Rxa3 Rb1 41.Ra2 Rg1 42.f3 g6 43.Kd3 Rd1+  1/2-1/2

[Event "Oberwart Open"]
[Site "Oberwart AUT"]
[Date "2011.07.11"]
[Round "3"]
[White "Freitag,Ma"]
[Black "Hapala,L"]
[Result "1-0"]
[WhiteElo "2384"]
[BlackElo "1889"]

1.d4 d5 2.c4 c6 3.Nf3 Nf6 4.Nc3 dxc4 5.a4 Bf5 6.Ne5 Nbd7 7.Nxc4 Qc7 8.g3 e5
9.dxe5 Nxe5 10.Bf4 Nfd7 11.Bg2 g5 12.Ne3 gxf4 13.Nxf5 O-O-O 14.Qc2 Nc5 15.O-O fxg3
16.hxg3 a5 17.Rad1 h5 18.Rxd8+ Qxd8 19.Rd1 Qf6 20.Ne4 Nxe4 21.Qxe4 Bb4 22.Bh3 Kb8
23.Qd4 Rg8 24.Kg2 Ng4 25.Bxg4 Qxd4 26.Rxd4 hxg4 27.Nh6 Re8 28.e3 c5 29.Rxg4 Rd8
30.Nxf7 Rd2 31.Rf4 Rxb2 32.g4 Be1 33.Ne5 Ra2 34.g5 Bc3 35.Nd7+ Kc7 36.Nf6  1-0

[Event "Lev Polugaevsky Mem"]
[Site "Samara RUS"]
[Date "2011.07.13"]
[Round "9"]
[White "Khismatullin,D"]
[Black "Sidorov,A"]
[Result "1/2-1/2"]
[WhiteElo "2656"]
[BlackElo "2331"]

1.d4 d5 2.c4 c6 3.Nc3 dxc4 4.Nf3 Nf6 5.a4 Bf5 6.Ne5 Nbd7 7.Nxc4 Nb6 8.Ne5 Nbd7
9.Qb3 Nxe5 10.dxe5 Nd7 11.Qxb7 Nxe5 12.e4 Qc8 13.Ba6 Qxb7 14.Bxb7 Rb8 15.Bxc6+ Nxc6
16.exf5 Nb4 17.O-O e6 18.Bf4 Rb7 19.Rad1 Be7 20.Rfe1 O-O 21.fxe6 fxe6 22.Bd6 Kf7
23.Bxe7 Kxe7 24.Ne4 Rb6 25.h4 h6 26.Nc5 Rf5 27.Rd7+ Ke8 28.Rc7 Kd8 29.Rxg7 Rxc5
30.Rxa7 Rc7 31.Ra8+ Rc8 32.Ra5 Nd5 33.b4 Rc4 34.b5 Kc7 35.Ra7+ Kd6 36.g3 h5
37.Kg2 Rc2 38.a5 Rxb5 39.Ra6+ Rc6 40.Rxc6+ Kxc6 41.Rxe6+ Kd7 42.Ra6 Nc7 43.Ra7 Kc8
44.a6 Ra5 45.Kf3 Ra4 46.Ke3 Kd7 47.f3 Kd6 48.Kf2 Ra2+ 49.Kg1 Rxa6 50.Rxa6+  1/2-1/2

[Event "Najdorf Memorial"]
[Site "Warsaw POL"]
[Date "2011.07.13"]
[Round "1.21"]
[White "Butnorius,A"]
[Black "Pietruszewski,M"]
[Result "1/2-1/2"]
[WhiteElo "2398"]
[BlackElo "2128"]

1.Nf3 Nf6 2.c4 c6 3.d4 d5 4.Nc3 dxc4 5.a4 Bf5 6.e3 e6 7.Bxc4 Bb4 8.O-O Nbd7
9.Qe2 Bg4 10.Rd1 O-O 11.e4 a5 12.h3 Bh5 13.Bg5 Qb6 14.Rac1 Rfe8 15.g4 Bg6
16.Bd3 Rac8 17.Qe3 Be7 18.e5 Nd5 19.Nxd5 exd5 20.Bxg6 fxg6 21.Bxe7 Rxe7 22.Ne1 Rf8
23.Nd3 h6 24.f4 Nf6 25.Nc5 Qxb2 26.Rb1 Qc2 27.Rdc1 Qa2 28.Qf2 Qxf2+ 29.Kxf2 Ne4+
30.Ke3 Nd6 31.Nd3 b5 32.Rxc6 Nc4+ 33.Ke2 bxa4 34.Rxg6 a3 35.f5 Kh7 36.Rc6 Rb7
37.Ra1 Rb2+ 38.Nxb2 axb2 39.Rb1 Rb8 40.Ra6 Na3 41.Rxb2 Rxb2+ 42.Kf3 Nc4 43.Ra7 Kg8
44.Ra8+ Kh7 45.Ra7 Kg8 46.Ra8+ Kf7 47.Ra7+ Kf8 48.Ra8+ Ke7 49.Ra7+ Kf8 50.Ra8+ Ke7
51.Ra7+ Kf8  1/2-1/2

[Event "SPA Open A"]
[Site "Amsterdam NED"]
[Date "2011.07.14"]
[Round "6"]
[White "De Rover,YH"]
[Black "Go,B"]
[Result "1-0"]
[WhiteElo "2275"]
[BlackElo "2124"]

1.d4 d5 2.c4 c6 3.Nf3 Nf6 4.Nc3 dxc4 5.a4 Bf5 6.Ne5 Nbd7 7.Nxc4 Nb6 8.Ne5 a5
9.Bg5 g6 10.e3 Bg7 11.Bd3 Be6 12.O-O Nfd5 13.Nf3 Nb4 14.Be2 O-O 15.Ne4 Nd7
16.Rc1 Na2 17.Ra1 Nb4 18.Qd2 h6 19.Bh4 Qe8 20.Ne1 f5 21.Nc3 Qf7 22.Bg3 Rac8
23.Nc2 Rfd8 24.Bf3 Nc5 25.Rab1 b6 26.Nxb4 axb4 27.Ne2 Nxa4 28.Qxb4 Bb3 29.Nc3 c5
30.Qa3 Nxc3 31.bxc3 Bc4 32.Rfd1 cxd4 33.cxd4 b5 34.Bb7 e5 35.Bxc8 f4 36.dxe5 Rxd1+
37.Rxd1 fxg3 38.hxg3 Bf8 39.Qa8 b4 40.Rd7 Qe8  1-0

[Event "Open ch-SVK A"]
[Site "Banska Stiavnica SVK"]
[Date "2011.07.14"]
[Round "6"]
[White "Zsinka,L"]
[Black "Kolesar,Mil"]
[Result "0-1"]
[WhiteElo "2298"]
[BlackElo "2143"]

1.d4 d5 2.c4 c6 3.Nc3 Nf6 4.Nf3 dxc4 5.a4 Bf5 6.e3 e6 7.Bxc4 Bb4 8.O-O Nbd7
9.Qe2 Bg6 10.Rd1 O-O 11.Ne5 Nxe5 12.dxe5 Nd7 13.e4 Qe7 14.Bf4 Rfd8 15.a5 Nc5
16.Na2 Rxd1+ 17.Rxd1 Bxa5 18.b4 b5 19.bxc5 bxc4 20.Qxc4 Rd8 21.Rd6 Rb8 22.Qd3 Qb7
23.Nc1 h6 24.Be3 Qb4 25.Rxc6 Bxe4  0-1

[Event "St Pauli Open"]
[Site "Hamburg GER"]
[Date "2011.07.14"]
[Round "7.26"]
[White "Zart,R"]
[Black "Hartkopf,Uwe"]
[Result "1-0"]
[WhiteElo "2179"]
[BlackElo "2064"]

1.d4 Nf6 2.c4 c6 3.Nc3 d5 4.Nf3 dxc4 5.a4 Bf5 6.e3 e6 7.Bxc4 Bb4 8.O-O O-O
9.Qe2 Bg6 10.Ne5 Nbd7 11.Nxg6 hxg6 12.Rd1 Qa5 13.Bd2 Rfd8 14.Bb3 Nb6 15.Rac1 Rd7
16.Be1 Rad8 17.f3 Nfd5 18.Ne4 Bxe1 19.Rxe1 Qb4 20.Nc5 Re7 21.Qf2 Nd7 22.Rc4 Qb6
23.a5 Qb5 24.Qc2 Qxa5 25.Kf2 N7b6 26.h4 Nxc4 27.Bxc4 Qc7 28.Rh1 Nf6 29.Nd3 Qd6
30.g4 b6 31.h5 g5 32.h6 gxh6 33.Rxh6 Kg7 34.Rh3 Rh8 35.Rxh8 Kxh8 36.Kg2 Kg7
37.Qc1 Nd7 38.f4 b5 39.Ba2 c5 40.fxg5 cxd4 41.Nf4 Ne5 42.Qf1 Qc6+ 43.Kg3 dxe3
44.Bb1 Qc4 45.Qh1 Ng6 46.Qh6+ Kg8 47.Nh5 f5 48.Nf6+ Kf7 49.Qh7+ Kf8 50.Qg8+  1-0

[Event "3rd International Open"]
[Site "Rethymno GRE"]
[Date "2011.07.14"]
[Round "5"]
[White "Ashwin,J"]
[Black "Svetushkin,D"]
[Result "0-1"]
[WhiteElo "2449"]
[BlackElo "2576"]

1.d4 d5 2.c4 c6 3.Nf3 Nf6 4.Nc3 dxc4 5.a4 Bf5 6.Ne5 Nbd7 7.Nxc4 Nb6 8.Ne5 a5
9.f3 Nfd7 10.e4 Nxe5 11.exf5 Nec4 12.Bxc4 Nxc4 13.Qb3 Nd6 14.d5 g6 15.f6 e6
16.O-O Qxf6 17.dxc6 Qd4+ 18.Kh1 bxc6 19.Rd1 Qc4 20.Qb6 Be7 21.Bh6 Bd8 22.Qe3 Nf5
23.Qe5 f6 24.Rxd8+ Kxd8 25.Qxf6+ Kc7 26.Rc1 Kb6 27.Ne4 Rhd8 28.h3 Qxa4 29.Bf4 Rd1+
30.Rxd1 Qxd1+ 31.Kh2 Qd5 32.Qf7 e5  0-1

[Event "SPA Open A"]
[Site "Amsterdam NED"]
[Date "2011.07.15"]
[Round "7"]
[White "Hovenga,A"]
[Black "Schoorl,R"]
[Result "0-1"]
[WhiteElo "2221"]
[BlackElo "2262"]

1.d4 d5 2.c4 c6 3.Nf3 Nf6 4.Nc3 dxc4 5.a4 Bf5 6.Ne5 Nbd7 7.Nxc4 Nb6 8.Ne5 a5
9.g3 e6 10.Bg2 Bb4 11.O-O O-O 12.e3 h6 13.Qe2 Nfd7 14.e4 Bh7 15.Ng4 c5 16.d5 exd5
17.exd5 Re8 18.Qf3 h5 19.Ne3 Bg6 20.Nb5 Ne5 21.Qf4 Bd3 22.d6 g5  0-1

[Event "3rd International Open"]
[Site "Rethymno GRE"]
[Date "2011.07.15"]
[Round "6"]
[White "Simonian,T"]
[Black "Ashwin,J"]
[Result "1/2-1/2"]
[WhiteElo "2294"]
[BlackElo "2449"]

1.d4 d5 2.Nf3 Nf6 3.c4 c6 4.Nc3 dxc4 5.a4 Bf5 6.e3 e6 7.Bxc4 Bb4 8.O-O O-O
9.Qe2 Bg4 10.Rd1 Nbd7 11.h3 Bh5 12.e4 Qe7 13.e5 Nd5 14.Ne4 h6 15.a5 a6 16.Bd3 c5
17.g4 Bg6 18.dxc5 Nxc5 19.Nxc5 Bxc5 20.Bc4 Rac8 21.Bxd5 exd5 22.Be3 Be4 23.Bxc5 Rxc5
24.Nd4 Qxe5 25.f3 Rc4 26.Qf2 Bh7 27.f4 Qe4 28.Rd2 Rfc8 29.Rad1 Rc1 30.f5 g6
31.Kh2 Qe5+ 32.Qg3 f6 33.Rxc1 Rxc1 34.Nf3 Qxg3+ 35.Kxg3 gxf5 36.Rxd5 fxg4
37.Rd8+ Kg7 38.Rd7+ Kg8 39.Rd8+ Kg7 40.Rd7+ Kh8 41.Rd8+ Bg8 42.hxg4 Rc5 43.Nd4 Rd5
44.Rxd5 Bxd5 45.Nf5 Kh7 46.Kh4 Bc6 47.Kg3 Kg6 48.Kf4 Bd7 49.Nd6 Bc6 50.Nf5 Bh1
51.Nh4+ Kg7 52.Nf5+ Kh7 53.Ng3 Bc6 54.Nf5 Kg6 55.Nh4+ Kf7 56.Nf5 Kg6 57.Nh4+ Kg7
58.Nf5+ Kh7 59.Ng3 Bd7 60.Ne4 Kg6 61.Nd6 Bc6 62.Nf5 Kf7 63.Nxh6+ Ke6 64.Nf5 Bd7
65.Ke4 Bc6+ 66.Kf4 Ba4 67.Ne3 Bd7 68.Ke4 Kd6 69.Kd4 Be6 70.b4 Kc6 71.Kc3 Bd7
72.Kd4 Kb5 73.Nd5 Bxg4 74.Nxf6 Kxb4 75.Nxg4 Kxa5 76.Kc3 Ka4 77.Ne3 b5 78.Nc2 a5
79.Kb2 b4 80.Nd4 b3 81.Nxb3 Kb4 82.Nxa5 Kxa5  1/2-1/2

[Event "3rd Artemis Cup"]
[Site "Leros GRE"]
[Date "2011.07.16"]
[Round "6.1"]
[White "Gordon,S"]
[Black "Mastrovasilis,D"]
[Result "1/2-1/2"]
[WhiteElo "2533"]
[BlackElo "2604"]

1.d4 d5 2.c4 c6 3.Nf3 Nf6 4.Nc3 dxc4 5.a4 Bf5 6.Nh4 Bc8 7.e3 e5 8.Bxc4 exd4
9.exd4 Be7 10.O-O O-O 11.Re1 Na6 12.Bg5 Nc7 13.Qb3 Nfd5 14.Bxe7 Nxe7 15.Nf3 Ncd5
16.Bxd5 Nxd5 17.Nxd5 cxd5 18.Re5 Be6 19.Ng5 Qd7 20.Qb5 Rad8 21.Nxe6 fxe6
22.Qxd7 Rxd7 23.Rxe6 Rc8 24.Re2 Rdc7 25.f3 Rc2 26.Rae1 Rxe2 27.Rxe2 Rc4 28.Re7 Rxa4  1/2-1/2

[Event "Oberwart Open"]
[Site "Oberwart AUT"]
[Date "2011.07.17"]
[Round "9"]
[White "Handler,L"]
[Black "Loidl,F"]
[Result "1-0"]
[WhiteElo "2301"]
[BlackElo "2174"]

1.d4 d5 2.c4 c6 3.Nf3 Nf6 4.Nc3 dxc4 5.a4 Bf5 6.e3 Na6 7.Bxc4 Nb4 8.O-O e6
9.Qe2 Bg4 10.h3 Bh5 11.Rd1 Qa5 12.e4 O-O-O 13.Bf4 Bxf3 14.gxf3 Nh5 15.Be3 Bd6
16.e5 Be7 17.Ne4 Nd5 18.Bd2 Qc7 19.Bxd5 exd5 20.Ng3 Nxg3 21.fxg3 Qd7 22.Kg2 Qf5
23.b4 f6 24.b5 c5 25.dxc5 fxe5 26.Ba5 Bxc5 27.Bxd8 Rxd8 28.Rac1 b6 29.a5 Kb7
30.axb6 axb6 31.Qa2 e4 32.Qa6+ Kb8 33.f4 Qc8 34.Qa2 d4 35.Rc4 Qb7 36.Ra1 d3
37.Ra4 e3+ 38.Kh2 d2 39.Ra8+ Kc7 40.Ra7 Qxa7 41.Qxa7+ Kd6 42.Qxg7 Re8 43.Qf6+  1-0

[Event "3rd International Open"]
[Site "Rethymno GRE"]
[Date "2011.07.17"]
[Round "8"]
[White "Jankovic,A"]
[Black "Prohaszka,P2"]
[Result "1/2-1/2"]
[WhiteElo "2586"]
[BlackElo "2547"]

1.d4 d5 2.c4 c6 3.Nc3 Nf6 4.Nf3 dxc4 5.a4 Bf5 6.e3 e6 7.Bxc4 Bb4 8.O-O O-O
9.Qe2 Bg6 10.Ne5 Nbd7 11.Nxg6 hxg6 12.Na2 Be7 13.b4 a5 14.b5 c5 15.Bb2 cxd4
16.Bxd4 Bd6 17.Rad1 Qc7 18.Bxf6 Nxf6  1/2-1/2

[Event "Najdorf Memorial"]
[Site "Warsaw POL"]
[Date "2011.07.17"]
[Round "4"]
[White "Babula,V"]
[Black "Laurusas,T"]
[Result "1-0"]
[WhiteElo "2572"]
[BlackElo "2329"]

1.d4 d5 2.c4 c6 3.Nc3 Nf6 4.Nf3 dxc4 5.a4 Bf5 6.Nh4 Bg4 7.h3 Bh5 8.g4 Bg6
9.Nxg6 hxg6 10.e4 e6 11.g5 Nfd7 12.Bxc4 Bb4 13.Be3 Qa5 14.Rc1 Nb6 15.Bb3 N8d7
16.Kf1 Rd8 17.Na2 e5 18.h4 Be7 19.Bd2 Qa6+ 20.Kg2 Qd3 21.a5 Nc8 22.d5 Qxe4+
23.f3 Qd4 24.dxc6 bxc6 25.Bc3 Qxd1 26.Rcxd1 Nd6 27.Nb4 Nc5 28.Nxc6 Nxb3 29.Nxd8 Kxd8
30.Bxe5 Kd7 31.Bxg7 Rh7 32.Bc3 Kc6 33.Be1 Nf5 34.Bf2 Bc5 35.Rd8 Bxf2 36.Kxf2 Nbd4
37.a6 Kb6 38.Rb8+ Kc5 39.Rb7 Rh8 40.Rxa7 Kb6 41.Rxf7 Rc8 42.Kg2 Rc2+ 43.Kh3 Kxa6
44.Rf6+ Rc6 45.Rc1 Kb5 46.Rcxc6 Nxc6 47.Rxg6  1-0

[Event "2nd SPI Open"]
[Site "Satu Mare ROU"]
[Date "2011.07.19"]
[Round "7"]
[White "Florescu,C"]
[Black "Krajla,C"]
[Result "1-0"]
[WhiteElo "2266"]
[BlackElo "1848"]

1.d4 d5 2.c4 c6 3.Nf3 Nf6 4.Nc3 dxc4 5.a4 Bf5 6.e3 e6 7.Bxc4 Nbd7 8.O-O Be7
9.Re1 O-O 10.e4 Bg4 11.h3 Bxf3 12.Qxf3 Nb6 13.Qd3 Nxc4 14.Qxc4 h6 15.Bf4 Nh5
16.Bh2 g6 17.a5 Rc8 18.b4 Bd6 19.e5 Bb8 20.g4 Ng7 21.Ne4 Ne8 22.Rad1 Qd5
23.Qxd5 cxd5 24.Nc5 Rc7 25.Rc1 Ng7 26.Bf4 g5 27.Be3 a6 28.Rb1 Ba7 29.b5 axb5
30.Rxb5 Bxc5 31.dxc5 Ra8 32.Reb1 Kf8 33.Rxb7 Rxb7 34.Rxb7 Rxa5 35.c6  1-0

[Event "Najdorf Memorial"]
[Site "Warsaw POL"]
[Date "2011.07.20"]
[Round "7.21"]
[White "Drozdowski,K"]
[Black "Pietruszewski,M"]
[Result "1-0"]
[WhiteElo "2311"]
[BlackElo "2128"]

1.d4 d5 2.c4 c6 3.Nf3 Nf6 4.Nc3 dxc4 5.a4 Bf5 6.e3 e6 7.Bxc4 Nbd7 8.O-O Bb4
9.Qe2 Bg6 10.e4 Bxc3 11.bxc3 Nxe4 12.Ba3 Qc7 13.Rfe1 O-O-O 14.Qb2 Rhe8 15.a5 Nd6
16.Bf1 h6 17.c4 f6 18.Bxd6 Qxd6 19.c5 Qc7 20.Nd2 Nf8 21.Nc4 a6 22.Ra3 Re7
23.Rb3 Qf4 24.Nd6+ Rxd6 25.cxd6 Qxd6 26.h3 Rd7 27.Rb4 Qc7 28.Re3 Qxa5 29.Ra3 Qd5
30.Bxa6 Kd8 31.Rxb7 Ke8 32.Bf1 Rxb7 33.Qxb7 Nd7 34.Qc8+ Ke7 35.Qg8 Bf7 36.Qxg7 h5
37.Rd3 Qg5 38.Qh8 Qg8 39.Qxg8 Bxg8 40.Be2 Bf7 41.Bf3 c5 42.dxc5 Nxc5 43.Rd4 f5
44.Rh4 Kf6 45.Bxh5 Kg5 46.Rc4 Bxh5 47.Rxc5 Kf4 48.Rc4+ Kg5 49.f4+ Kf6 50.Rc5 Be2
51.Kf2 Ba6 52.g4  1-0

[Event "Poznan Summer Open"]
[Site "Poznan POL"]
[Date "2011.07.23"]
[Round "8.18"]
[White "Simon,Mare"]
[Black "Jarmuzek,Karolina"]
[Result "1-0"]
[WhiteElo "1819"]
[BlackElo "1559"]

1.d4 d5 2.c4 c6 3.Nf3 Nf6 4.Nc3 dxc4 5.a4 Bf5 6.e3 e6 7.Bxc4 Be7 8.Nh4 Bg4
9.Qb3 Qc7 10.h3 Bh5 11.Bd2 Nd5 12.Nf3 Bxf3 13.gxf3 Nd7 14.Rc1 Nxc3 15.Bxc3 Nb6
16.Ba5 O-O 17.O-O Qd7 18.Bxb6 axb6 19.Qc2 Bf6 20.f4 Rfc8 21.b3 h6 22.Qe2 c5
23.dxc5 bxc5 24.Qh5 Qe7 25.Kh1 Kf8 26.Rg1 b6 27.Rg2 Qb7 28.f5 e5 29.e4 Qc7
30.Rgg1 Ra7 31.Rcd1 Rd8 32.Rxd8+ Qxd8 33.Rd1 Qe7 34.Bb5 Bh4 35.Rd2 Qg5 36.Qe2 Qe7
37.Rd5 Bf6 38.Qd2 Rb7 39.Rd6 Qc7 40.Qd5 Qb8 41.Bc4 Rc7 42.Rd7 Rxd7 43.Qxd7 Kg8
44.Qxf7+ Kh8 45.Kg2 Qd8 46.Qe6 Qb8 47.Bd5 Qd8 48.Kg3 Bh4+ 49.Kf3 Bf6 50.Kg4 Qb8
51.h4 Kh7 52.h5 Kh8 53.Kf3 Bg5 54.Ke2 Bc1 55.Kd1 Bb2 56.f6 Qf8 57.f7 Ba3
58.Qxb6 c4 59.bxc4 Bc5 60.Qe6 Bd4  1-0

[Event "ch-AUT"]
[Site "Linz AUT"]
[Date "2011.07.24"]
[Round "2"]
[White "Menezes,Chr"]
[Black "Wallner,J"]
[Result "1/2-1/2"]
[WhiteElo "2200"]
[BlackElo "2328"]

1.Nf3 Nf6 2.d4 d5 3.c4 c6 4.Nc3 dxc4 5.a4 Bf5 6.e3 e6 7.Bxc4 Bb4 8.O-O O-O
9.Qe2 Nbd7 10.e4 Bg6 11.Bd3 Bh5 12.e5 Nd5 13.Nxd5 cxd5 14.Qe3 Be7 15.Ne1 Bg6
16.Bxg6 hxg6 17.Nd3 Nb8 18.a5 Nc6 19.Bd2 b6 20.axb6 Qxb6 21.Ra4 a5 22.Rfa1 Ra7
23.Qe2 Rfa8 24.Be3 Bb4 25.h3 Qb5 26.Kf1 Be7 27.Nc1 Rb8 28.Qxb5 Rxb5 29.Nd3 Rb3
30.Rc1 Ra6 31.Ke2 Kf8 32.Rc2 Ke8 33.Ra1 Kd7 34.Rac1 a4 35.Ra1 Rxd3 36.Kxd3 Nb4+
37.Kd2 Nxc2 38.Kxc2 Kc6 39.Rc1 Kb5 40.Kb1 Rc6 41.Rd1 Rc4 42.Rd3 Bb4 43.Rd1 Ba5
44.Rh1 Bb6 45.Rd1 f6 46.f4 f5 47.Rd3 Bd8  1/2-1/2

[Event "ch-AUT"]
[Site "Linz AUT"]
[Date "2011.07.24"]
[Round "2"]
[White "Kummer,Hel"]
[Black "Kranewitter,N"]
[Result "1-0"]
[WhiteElo "2362"]
[BlackElo "2111"]

1.d4 d5 2.c4 c6 3.Nf3 Nf6 4.Nc3 dxc4 5.a4 Bf5 6.Ne5 Nbd7 7.Nxc4 Nb6 8.Ne5 a5
9.f3 Nfd7 10.Nxd7 Nxd7 11.e4 Bg6 12.Be2 e6 13.Be3 Bb4 14.O-O O-O 15.Qb3 Qb6
16.Bf2 Qc7 17.Rac1 Nf6 18.Rfd1 Rfd8 19.Nb5 Qe7 20.Na3 Nh5 21.g3 Bxa3 22.Qxa3 Qg5
23.Be3  1-0

[Event "4th Paleohora Open"]
[Site "Paleochora GRE"]
[Date "2011.07.26"]
[Round "8"]
[White "Malikentzos,S"]
[Black "Kaplan,S"]
[Result "1/2-1/2"]
[WhiteElo "2314"]
[BlackElo "2436"]

1.Nf3 Nf6 2.c4 c6 3.d4 d5 4.Nc3 dxc4 5.a4 Bf5 6.Ne5 e6 7.f3 c5 8.e4 Bg6 9.Be3 cxd4
10.Qxd4 Qxd4 11.Bxd4 Nfd7 12.Nxd7 Nxd7 13.Bxc4 a6 14.h4 Rc8 15.Ba2 h6 16.Ke2 Bc5
17.Bxc5 Rxc5 18.Rac1 Ke7 19.b4 Rc6 20.h5 Bh7 21.Ke3 Nb6 22.a5 Rhc8 23.Ne2 Nd7
24.Rxc6 Rxc6 25.Rc1 Ne5 26.Kd4 Kd6 27.Rc5 Nd7 28.Rc3 Bg8 29.Bb3 Rxc3 30.Kxc3 f6
31.Nd4 Bf7 32.g4 Nf8 33.f4 Be8 34.Nf3 e5 35.fxe5+ fxe5 36.Bd5 Bb5 37.Bxb7 Nd7
38.g5 Kc7 39.gxh6 gxh6 40.Bd5 Be2 41.Nh4 Bxh5 42.Nf5 Bg6 43.Nxh6 Nf6  1/2-1/2

[Event "ch-AUT"]
[Site "Linz AUT"]
[Date "2011.07.27"]
[Round "5"]
[White "Liedl,W"]
[Black "Rieger,R"]
[Result "1/2-1/2"]
[WhiteElo "2213"]
[BlackElo "2150"]

1.d4 d5 2.c4 c6 3.Nf3 Nf6 4.Nc3 dxc4 5.a4 Bf5 6.e3 e6 7.Bxc4 Bb4 8.O-O O-O
9.Qe2 Nbd7 10.e4 Bg6 11.Bd3 Bh5 12.e5 Nd5 13.Nxd5 cxd5 14.Qe3 Re8 15.Ng5 Bg6
16.Bxg6 fxg6 17.a5 Rc8 18.Qb3 Rc4 19.Ra4 Qc7 20.Rxb4 Rxc1 21.Nf3 b6 22.Ne1 Rc8
23.Nd3 Rc4 24.axb6 axb6 25.g3 Qa7 26.Nf4 Rxb4 27.Qxb4 Nf8 28.h4 Rc6 29.b3 Kf7
30.Kg2 Qa6 31.Re1 Nd7 32.Re3 Qa5 33.Qxa5 bxa5 34.Re2 Rb6 35.Re3 Nb8 36.Rc3 Nc6
37.Ne2 Ke7 38.Kf3 Kd7 39.Ke3 Rb4 40.Rd3  1/2-1/2

[Event "98th ch-GBR"]
[Site "Sheffield ENG"]
[Date "2011.07.27"]
[Round "3.8"]
[White "Wells,P"]
[Black "Ansell,S"]
[Result "1/2-1/2"]
[WhiteElo "2489"]
[BlackElo "2410"]

1.d4 d5 2.c4 c6 3.Nf3 Nf6 4.Nc3 dxc4 5.a4 Bf5 6.Ne5 Nbd7 7.Nxc4 Nb6 8.Ne5 a5
9.Bg5 g6 10.f3 Bg7 11.e4 Be6 12.Be3 O-O 13.Be2 Ne8 14.O-O Nd7 15.Nxd7 Bxd7
16.Qd2 Nd6 17.e5 Nf5 18.Bf2 c5 19.dxc5 Bc6 20.Rad1  1/2-1/2

[Event "Open Women ch-BUL"]
[Site "Vratsa BUL"]
[Date "2011.07.27"]
[Round "4"]
[White "Milutinovic,Stef"]
[Black "Galunova,T"]
[Result "0-1"]
[WhiteElo "1849"]
[BlackElo "1977"]

1.d4 d5 2.c4 c6 3.Nf3 Nf6 4.Nc3 dxc4 5.a4 Bf5 6.e3 e6 7.Bxc4 Bb4 8.O-O O-O
9.Nh4 Bg4 10.f3 Bh5 11.g4 Bg6 12.Nxg6 hxg6 13.Qe2 Nbd7 14.f4 Qa5 15.Bd2 c5
16.g5 cxd4 17.exd4 Nd5 18.Rf3 N7b6 19.Bb3 Rac8 20.Ne4 Rfd8 21.Be3 Nxe3 22.Qxe3 Nc4
23.Qf2 Qd5 24.Ng3 Qxd4 25.Qxd4 Rxd4 26.Bxc4 Rcxc4 27.b3 Rxf4 28.Raf1 Bc5+
29.Kh1 Rxf3 30.Rxf3 Rc1+ 31.Kg2 Rc2+ 32.Kh1 Kf8 33.Ne4 Ke7 34.Nxc5 Rxc5 35.h4 Rf5
36.Rc3 Kd6 37.Kg2 Rc5 38.Rd3+ Rd5 39.Rf3 Ke7 40.Rc3 f6 41.gxf6+ gxf6 42.Rc7+ Rd7
43.Rc3 f5 44.Kg3 Kf6 45.Re3 e5 46.Rc3 e4 47.Kf2 f4 48.Rc5 Rh7 49.b4 b6 50.Rc6+ Kf5
51.Rc8 Rxh4 52.Ra8 e3+  0-1